[Event "TUR-chT"]
[Site "Konya"]
[Date "2012.07.16"]
[Round "7"]
[White "Gunina, Valentina"]
[Black "Keler, Faruk"]
[Result "1/2-1/2"]
[WhiteElo "2533"]
[BlackElo "2238"]
[PlyCount "54"]
[EventDate "2012.07.11"]
[EventType "team-tourn"]
[EventRounds "13"]
[EventCountry "TUR"]
[SourceTitle "CBM 149 Extra"]
[Source "ChessBase"]
[SourceDate "2012.08.24"]
[SourceVersion "1"]
[SourceVersionDate "2012.08.24"]
[SourceQuality "1"]
[WhiteTeam "Ceyhan Belediye"]
[BlackTeam "Adana Truva"]
[WhiteTeamCountry "TUR"]
[BlackTeamCountry "TUR"]

1. d4 d5 2. c4 c6 3. Nf3 Nf6 4. Nc3 dxc4 5. a4 Bf5 6. Ne5 Nbd7 7. Nxc4 Nb6 8. Ne5 a5 9. g3 e6 10. Bg2 Bb4 11. 0-0 h6 12. e3 0-0 13. Qe2 Bh7 14. Rd1 Nfd7 15. e4 Qe7 16. Nd3 e5 17. dxe5 Nxe5 18. Nxe5 Qxe5 19. Be3 Bc5 20. f4 Qe7 21. Bxc5 Qxc5+ 22. Qf2 Qxf2+ 23. Kxf2 Rfd8 24. Bh3 Kf8 25. b3 Ke7 26. Ke3 f6 27. Bg4 Bg8 1/2-1/2

[Event "TUR-chT"]
[Site "Konya"]
[Date "2012.07.15"]
[Round "5"]
[White "Keler, Faruk"]
[Black "Nikolova, Adriana"]
[Result "0-1"]
[WhiteElo "2238"]
[BlackElo "2360"]
[PlyCount "126"]
[EventDate "2012.07.11"]
[EventType "team-tourn"]
[EventRounds "13"]
[EventCountry "TUR"]
[SourceTitle "CBM 149 Extra"]
[Source "ChessBase"]
[SourceDate "2012.08.24"]
[SourceVersion "1"]
[SourceVersionDate "2012.08.24"]
[SourceQuality "1"]
[WhiteTeam "Adana Truva"]
[BlackTeam "Mersin Ezgi"]
[WhiteTeamCountry "TUR"]
[BlackTeamCountry "TUR"]

1. d4 d5 2. c4 c6 3. Nf3 Nf6 4. e3 Bf5 5. Nc3 e6 6. Nh4 Be4 7. f3 Bg6 8. Qb3 Qc7 9. Bd2 Be7 10. g3 Nbd7 11. Nxg6 hxg6 12. 0-0-0 dxc4 13. Bxc4 b5 14. Be2 a5 15. Kb1 a4 16. Qc2 Qb7 17. Rc1 0-0 18. Ne4 Nxe4 19. Qxe4 Rfc8 20. h4 Nf6 21. Qd3 Rab8 22. e4 c5 23. dxc5 Bxc5 24. Bf4 Rd8 25. Qc3 Bd4 26. Qc6 e5 27. Qxb7 Rxb7 28. Bg5 Re8 29. Rc6 Nd7 30. Bd2 Nf8 31. Rhc1 Ne6 32. Rc8 Rxc8 33. Rxc8+ Kh7 34. f4 Nc5 35. Bf3 b4 36. fxe5 a3 37. b3 Bf2 38. Bf4 Ra7 39. Kc2 Ne6 40. Kd3 Nxf4+ 41. gxf4 Bxh4 42. Bg4 Bg3 43. Ke3 g5 44. fxg5 Bxe5 45. Bf5+ g6 46. Bg4 Ra5 47. Kf3 Kg7 48. Bh3 Bc3 49. Rc7 Rxg5 50. Bg4 Re5 51. Rd7 Re8 52. Bh3 Rh8 53. Kg2 Rh4 54. Be6 Rxe4 55. Rxf7+ Kh6 56. Bd5 Rg4+ 57. Kf1 Rd4 58. Bc6 Rd1+ 59. Kg2 Ra1 60. Rf2 Bb2 61. Be4 Rxa2 62. Bb1 Ra1 63. Rf1 Bc3 0-1

[Event "TUR-ch"]
[Site "Kemer"]
[Date "2012.01.31"]
[Round "4"]
[White "Unver, Cumali"]
[Black "Keler, Faruk"]
[Result "0-1"]
[WhiteElo "1998"]
[BlackElo "2259"]
[PlyCount "72"]
[EventDate "2012.01.29"]
[EventType "swiss"]
[EventRounds "10"]
[EventCountry "TUR"]
[SourceTitle "CBM 146 Extra"]
[Source "ChessBase"]
[SourceDate "2012.02.29"]
[SourceVersion "1"]
[SourceVersionDate "2012.02.29"]
[SourceQuality "1"]

1. d4 d5 2. Nc3 Nf6 3. Bg5 Nbd7 4. Nf3 c6 5. Qd3 Qa5 6. Bd2 Qc7 7. e4 dxe4 8. Nxe4 Nxe4 9. Qxe4 Nf6 10. Qe5 Qxe5+ 11. dxe5 Nd7 12. Be3 Nb6 13. Nd4 h5 14. a4 Nd5 15. Bd2 g6 16. c4 Nc7 17. a5 Bg7 18. f4 g5 19. g3 f6 20. exf6 Bxf6 21. Nf3 gxf4 22. 0-0-0 Bg4 23. Be2 fxg3 24. hxg3 0-0-0 25. Be3 a6 26. Rhe1 Rxd1+ 27. Rxd1 Rg8 28. Bf2 Ne8 29. Ng1 Nd6 30. b3 Ne4 31. Be1 Be5 32. Bxg4+ Rxg4 33. Bb4 c5 34. Rd5 Bd6 35. Ba3 h4 36. Ne2 hxg3 0-1

[Event "TUR-ch"]
[Site "Kemer"]
[Date "2012.01.30"]
[Round "3"]
[White "Keler, Faruk"]
[Black "Buyukasik, Diyap"]
[Result "1/2-1/2"]
[WhiteElo "2259"]
[BlackElo "1986"]
[PlyCount "80"]
[EventDate "2012.01.29"]
[EventType "swiss"]
[EventRounds "10"]
[EventCountry "TUR"]
[SourceTitle "CBM 146 Extra"]
[Source "ChessBase"]
[SourceDate "2012.02.29"]
[SourceVersion "1"]
[SourceVersionDate "2012.02.29"]
[SourceQuality "1"]

1. e4 c5 2. Nf3 g6 3. d4 Bg7 4. Nc3 cxd4 5. Nxd4 Nc6 6. Be3 Nf6 7. Bc4 0-0 8. Bb3 Ng4 9. Qxg4 Nxd4 10. Qh4 d6 11. 0-0 Be6 12. Rfd1 Nxb3 13. axb3 Qc7 14. Bd4 Bxd4 15. Rxd4 Rfe8 16. f4 b5 17. Qf2 Rac8 18. Rb4 Bd7 19. Rd4 a5 20. Rd2 Bc6 21. Rc1 e6 22. Qe2 b4 23. Nd1 Red8 24. Nf2 Qb6 25. Kh1 Qb7 26. Ng4 h5 27. Nf2 Qb5 28. Qe3 Qc5 29. Qg3 Kg7 30. Rcd1 d5 31. f5 exf5 32. exf5 d4 33. fxg6 fxg6 34. Nd3 Qd6 35. Nf4 Be4 36. Rxd4 Qa6 37. Rxd8 Rxd8 38. Qe1 Rxd1 39. Qxd1 Bxc2 40. Qd4+ Qf6 1/2-1/2